00794nam a2200241Ia 4500003000400000005001700004008004100021020003000062040001700092082001900109100002200128245006500150250001100215260002800226300004100254500001900295650003100314650003200345650002500377942000900402952012600411999001500537IIN20250522113412.0250522s2025 xx adb 001 0 eng d cRs.1795.00a9789366160931 aIINbEnglish a362.10425bSUR1 aSuryakanth, A. H.1 aCommunity Medicine bwith Recent Advances/cA. H. Suryakanth a8th ed bJaypeeaNew Delhic2025 axxiii, 1074 p.bcol. ill.e12 Plates aIncludes Index1 aCommunity Health vNursing1 aCommunity Health vServices1 aMedicine, Preventive cBOOK 00102ddc40708PURCHaIINbIINcGENd2025-03-11g1795.00l0o362.10425 SURp2062r2025-05-22 11:34:45w2025-05-22yBOOK c1836d1836